Introducción a la metalurgia física
Gespeichert in:
| 1. Verfasser: | |
|---|---|
| Format: | Buch |
| Sprache: | Spanisch |
| Veröffentlicht: |
Ciudad de México
McGraw-Hill
1991
|
| Ausgabe: | 2a. ed |
| Schlagworte: | |
| Tags: |
Tag hinzufügen
Keine Tags, Fügen Sie den ersten Tag hinzu!
|
MARC
| LEADER | 00000nam a2200000 a 4500 | ||
|---|---|---|---|
| 001 | UCU1770 | ||
| 003 | CL-VaPUC | ||
| 008 | 960412e19910000MX |||||||||||||||||spa|d | ||
| 082 | 0 | 4 | |a 669.94 |b AVN |2 21 |
| 100 | 0 | |a Avner, Sydney H |e author |9 357537 | |
| 245 | 1 | 0 | |a Introducción a la metalurgia física |
| 250 | |a 2a. ed | ||
| 300 | |a 695 p | ||
| 942 | |c BK | ||
| 945 | |d 19960412 00:00:00 |a rleighto | ||
| 260 | |a Ciudad de México |b McGraw-Hill |c 1991 | ||
| 650 | 7 | |a METALURGIA FISICA |2 CL-VaPUC |9 271683 | |
| 650 | 7 | |a HERRAMIENTAS |2 CL-VaPUC |9 263987 | |
| 650 | 0 | |a Metales |9 260686 | |
| 650 | 0 | |a Aleación (Química) |9 263528 | |
| 650 | 7 | |a HIERRO |2 CL-VaPUC |9 357538 | |
| 650 | 0 | |a Aceros |9 260685 | |
| 650 | 7 | |a CORROSION |2 CL-VaPUC |9 271912 | |
| 650 | 0 | |a Metalurgia |9 263720 | |
| 583 | |a last modification |c 20160105 12:31:15 |k Rodrigo Vera | ||
| 999 | |c 246284 |d 246282 | ||
| 952 | |0 0 |1 0 |4 0 |6 669_940000000000000_AVN_1991 |7 0 |8 A |9 261117 |a BIBING |b BIBING |d 2019-11-19 |i 3191613 |o 669.94 AVN 1991 |p 3191613 |r 2025-01-20 |w 2019-11-19 |y BK |k EIQ | ||
| 952 | |0 0 |1 0 |4 0 |6 669_940000000000000_AVN_1991 |7 0 |8 A |9 261118 |a BIBING |b BIBING |d 2019-11-19 |i 3191621 |o 669.94 AVN 1991 |p 3191621 |r 2025-01-20 |w 2019-11-19 |y BK |k EIQ | ||